header

Stereotypes in literatures and cultures (Record no. 195330)

MARC details
000 -LEADER
fixed length control field 01447nam a2200373 a 4500
082 04 - DEWEY DECIMAL CLASSIFICATION NUMBER
Classification number 809/.93355
245 00 - TITLE STATEMENT
Title Stereotypes in literatures and cultures
260 ## - PUBLICATION, DISTRIBUTION, ETC. (IMPRINT)
Place of publication Frankfurt am Main [Germany] ;
-- New York :
Name of publisher Peter Lang,
Year of publication 2010.
300 ## - PHYSICAL DESCRIPTION
Number of Pages xv, 297 p.
650 #0 - SUBJECT ADDED ENTRY--TOPICAL TERM
Topical Term Stereotypes (Social psychology) in literature.
Topical Term Comparative literature.
Topical Term Culture conflict in literature.
700 1# - ADDED ENTRY--PERSONAL NAME
Personal name Geybullayeva, Rahilya.
Personal name Orte, Peter.
856 40 - ELECTRONIC LOCATION AND ACCESS
Uniform Resource Identifier http://site.ebrary.com/lib/rucke/Doc?id=10601140

No items available.

© 2026 Rongo University
Contact us: librarian | system librarian | Rongo university